000 00227nam a22000977a 4500
999 _c10926
_d10926
008 180409b ||||| |||| 00| 0 eng d
020 _a9789350580905
100 _aCBSE
_96735
245 _aMathematics-X
260 _aNew Delhi
_bCBSE